[Event "Linares 08th"]
[Site "Linares"]
[Date "1990.??.??"]
[Round "9"]
[White "Kasparov, Garry"]
[Black "Salov, Valery"]
[Result "1/2-1/2"]
[WhiteElo "2800"]
[BlackElo "2645"]
[Annotator "Ftacnik,L"]
[PlyCount "112"]
[EventDate "1990.02.??"]
[EventType "tourn"]
[EventRounds "11"]
[EventCountry "ESP"]
[EventCategory "16"]
[SourceTitle "CBM 017"]
[Source "ChessBase"]
[SourceDate "1990.08.01"]
[SourceVersion "1"]
[SourceVersionDate "1990.08.01"]
[SourceQuality "1"]

1. Nf3 Nf6 2. c4 e6 3. Nc3 Bb4 4. d4 c5 5. g3 cxd4 6. Nxd4 O-O 7. Bg2 d5 8.
cxd5 Nxd5 9. Bd2 Nxc3 10. bxc3 Be7 11. Rb1 Nd7 {N} (11... e5 12. Rxb7 exd4 13.
Rb3 Na6 14. Bxa8 Bh3 15. Bf3 Nc5 16. Rb4 Nd3+ $6 17. exd3 Bxb4 18. cxb4 Re8+
19. Be4 f5 20. f3 fxe4 21. dxe4 $16 {Staniszewski-Suba/Warszaw zt/1987/ ->CBM
03}) 12. O-O (12. Bxb7 Bxb7 13. Rxb7 Bf6 $44) 12... Nb6 13. Bf4 (13. Qb3 e5 14.
Nf3 Be6 $10) 13... Nd5 14. Qb3 Nxf4 15. gxf4 Qc7 16. e3 $14 a6 17. Rfd1 Ra7 18.
c4 Bc5 19. Nf3 a5 $1 (19... b6 20. Ne5 $16) 20. Ng5 h6 21. Ne4 a4 22. Qb5 Ra5
23. Qb2 b6 24. Qe5 Qxe5 25. fxe5 Ba6 26. Bf1 Bb7 27. Nxc5 Rxc5 28. f4 (28. Rxb6
Bf3 29. Rd4 Rxe5) 28... Ba6 29. Rd4 Rfc8 30. Rb4 a3 31. Ra4 Ra5 32. Rb4 (32.
Rxa5 bxa5 {x a2}) 32... Rac5 33. Be2 g5 34. Kf2 Kg7 35. Ke1 R8c6 36. Rd6 Rc7
37. Rd4 gxf4 38. exf4 f6 39. exf6+ Kxf6 40. Kd2 R7c6 41. Re4 Kf5 42. Ke3 Kf6
43. h3 e5 44. Bf3 Rd6 45. h4 Bc8 46. fxe5+ Rxe5 47. Rxe5 Kxe5 48. Rb5+ Kf6 49.
Bd5 Bd7 50. Rb3 b5 51. Rxa3 Be6 52. Rd3 Bxd5 53. cxd5 Ke5 54. h5 Rxd5 55. Rxd5+
Kxd5 56. Kf4 Kc4 {Ftacnik,L} 1/2-1/2

[Event "Reggio Emilia Top15 33rd"]
[Site "Reggio Emilia"]
[Date "1991.??.??"]
[Round "?"]
[White "Romanishin, Oleg M"]
[Black "Portisch, Lajos"]
[Result "1/2-1/2"]
[WhiteElo "2610"]
[BlackElo "2590"]
[Annotator "Ftacnik,L"]
[PlyCount "59"]
[EventDate "1991.01.??"]
[EventType "tourn"]
[EventRounds "14"]
[EventCountry "ITA"]
[EventCategory "15"]
[SourceTitle "CBM 022"]
[Source "ChessBase"]
[SourceDate "1991.06.01"]
[SourceVersion "1"]
[SourceVersionDate "1991.06.01"]
[SourceQuality "1"]

1. d4 Nf6 2. c4 e6 3. Nc3 Bb4 4. Nf3 c5 5. g3 cxd4 6. Nxd4 O-O 7. Bg2 d5 8. O-O
dxc4 9. Qa4 Na6 10. Ndb5 Nd5 11. Rd1 Bxc3 $5 12. Nxc3 Nxc3 13. bxc3 Nc5 14. Qc2
Qc7 15. Ba3 $5 {N} (15. Rd4 e5 16. Rxc4 Be6 17. Rh4 f5 18. a4 h6 19. Rb4 $15 {
Orlov,G-Zagrebelnyj,S/Belgorod GMA-qual/1989/ ->TD89_O2}) 15... Rb8 16. Rd4 b6
17. Rxc4 Bb7 18. Bxb7 Rxb7 19. Rd1 Rbb8 20. Rcd4 (20. Bxc5 bxc5 $15) 20... Rbc8
21. Bxc5 Qxc5 22. Qa4 Qxc3 (22... a5 23. Rd6 $10) 23. Qxa7 Qb2 24. R4d2 Qb5 25.
Qa3 h6 26. Rb2 Qc4 27. Qd3 Qa4 28. a3 Rc5 29. Qb3 Qa8 30. Qxb6 {Ftacnik,L}
1/2-1/2

[Event "Linares 08th"]
[Site "Linares"]
[Date "1990.??.??"]
[Round "8"]
[White "Gelfand, Boris"]
[Black "Spassky, Boris Vasilievich"]
[Result "1-0"]
[WhiteElo "2615"]
[BlackElo "2560"]
[Annotator "Ftacnik,L"]
[PlyCount "63"]
[EventDate "1990.02.??"]
[EventType "tourn"]
[EventRounds "11"]
[EventCountry "ESP"]
[EventCategory "16"]
[SourceTitle "CBM 017"]
[Source "ChessBase"]
[SourceDate "1990.08.01"]
[SourceVersion "1"]
[SourceVersionDate "1990.08.01"]
[SourceQuality "1"]

1. d4 Nf6 2. c4 e6 3. Nc3 Bb4 4. f3 d5 5. a3 Be7 6. e4 c5 7. cxd5 exd5 8. dxc5
$1 {N} Bxc5 9. e5 Nfd7 10. Qxd5 O-O 11. f4 Bxg1 12. Rxg1 Qb6 13. Rh1 Nc5 $6 (
13... Nc6 14. Bc4 Ndxe5 15. fxe5 Be6 16. Qb5 Bxc4 17. Qxc4 Nxe5 18. Qb5 Qd4
$132 {Shirov,A-Rausis,J/Dauvgavpils/1990/ ->CBM 17}) 14. b4 Ne6 15. Na4 Qc7 16.
Be3 $16 Nc6 17. Qd6 Qxd6 18. exd6 Re8 19. Kf2 Bd7 20. Nc5 Nxc5 21. bxc5 Nb8 22.
Rb1 b6 23. Bb5 $1 bxc5 24. Bxc5 Bxb5 25. Rxb5 Nd7 26. Bb4 g6 27. Rc1 Re6 28.
Rc7 a5 29. Rxa5 Rxa5 30. Bxa5 Rxd6 31. Bb4 Rd5 32. a4 {Ftacnik,L} 1-0

[Event "Linares 08th"]
[Site "Linares"]
[Date "1990.??.??"]
[Round "8"]
[White "Illescas Cordoba, Miguel"]
[Black "Jussupow, Artur"]
[Result "1-0"]
[WhiteElo "2530"]
[BlackElo "2615"]
[Annotator "Ftacnik,L"]
[PlyCount "103"]
[EventDate "1990.02.??"]
[EventType "tourn"]
[EventRounds "11"]
[EventCountry "ESP"]
[EventCategory "16"]
[SourceTitle "CBM 017"]
[Source "ChessBase"]
[SourceDate "1990.08.01"]
[SourceVersion "1"]
[SourceVersionDate "1990.08.01"]
[SourceQuality "1"]

1. d4 d5 2. Nf3 Nf6 3. c4 e6 4. g3 Bb4+ 5. Nc3 dxc4 6. Bg2 O-O 7. O-O Nc6 8. a3
$1 (8. Re1 Nd5 9. Qc2 Be7 10. Ne4 $6 Ndb4 11. Qxc4 Qd5 12. Qxd5 exd5 13. Nc3
Nc2 $17 {Gulko,B-Yusupov,A/Linares/1990/ ->CBM 17}) 8... Ba5 {N} (8... Be7 9.
e4 Na5 10. Bf4 c6 11. Qe2 b5 12. Rad1 $44 {Gulko,B-Popovic,P/Clichy/1986/}) 9.
Bg5 h6 10. Bxf6 Qxf6 11. Qa4 Bb6 12. e3 Na5 $6 13. Ne5 Qe7 14. Ne4 $1 (14. Nxc4
$2 Bd7 $19) 14... Rd8 15. Nxc4 Bd7 16. Qc2 Nxc4 17. Qxc4 Bc6 18. Qc3 Rd7 19.
Rac1 Re8 20. Nc5 Bxg2 21. Kxg2 Bxc5 22. Qxc5 $14 e5 $6 23. dxe5 Qxc5 24. Rxc5
b6 25. Rc6 Rxe5 26. Rfc1 Ree7 27. h4 Kf8 28. Kf3 Ke8 29. Ke2 Kd8 30. h5 Re5 31.
g4 Red5 32. R1c2 f5 33. f3 fxg4 34. fxg4 a5 $6 (34... Rg5 $1) 35. Rg6 a4 36.
Rc4 b5 37. Rd4 Rxd4 38. exd4 Rxd4 39. Rxg7 Ke8 40. Ke3 c5 41. g5 $1 hxg5 42. h6
Kf8 43. Rxg5 Rh4 44. Rxc5 Rxh6 45. Rxb5 Ke7 46. Kd4 Kd7 47. Kc5 Kc7 48. Rb4
Rh5+ 49. Kc4 Ra5 50. Rb5 Ra8 51. Kb4 Kc6 $2 (51... Ra6 $13 52. Ra5 Rb6+ 53. Kc3
Rc6+ 54. Kd2 Rb6) 52. Ra5 {Ftacnik,L} 1-0

[Event "Groningen"]
[Site "Groningen"]
[Date "1990.??.??"]
[Round "?"]
[White "Shirov, Alexei"]
[Black "Wahls, Matthias"]
[Result "1/2-1/2"]
[WhiteElo "2580"]
[BlackElo "2525"]
[Annotator "Ftacnik,L"]
[PlyCount "87"]
[EventDate "1990.12.??"]
[EventType "tourn"]
[EventRounds "9"]
[EventCountry "NED"]
[EventCategory "13"]
[SourceTitle "CBM 021"]
[Source "ChessBase"]
[SourceDate "1991.04.01"]
[SourceVersion "1"]
[SourceVersionDate "1991.04.01"]
[SourceQuality "1"]

1. d4 Nf6 2. c4 e6 3. Nc3 Bb4 4. f3 c5 5. d5 b5 6. e4 bxc4 7. Bxc4 Nxd5 8. Bxd5
exd5 9. Qxd5 Nc6 10. Nge2 (10. Bg5 Qb6 11. Nge2 Bxc3+ 12. bxc3 Ba6 13. Rd1 O-O
14. Kf2 Rfe8 15. Bf4 Na5 16. Rhe1 $14 {Georgadze,G-Chernin,A/Lvov/1990/ ->CBM
18}) 10... Ba6 11. Bg5 (11. Be3) 11... Qb6 12. Rd1 O-O 13. Kf2 Rfe8 14. Bf4
Rad8 (14... Bxc3 15. bxc3 Na5) 15. Ng3 Ba5 (15... Bxc3 16. bxc3 Qb2+ 17. Rd2
Qxc3 18. Nf5 $40) 16. Na4 (16. Rd2 Nb4 $1) 16... Qb5 17. b3 d6 (17... Nb4 18.
Qxc5 Nd3+ $2 19. Rxd3 Qxd3 20. Qxa5 $18) 18. Qg5 h6 19. Qg4 Bc8 (19... Nb4 20.
Nf5 Qe2+ 21. Kg3 $40) 20. Nf5 Bxf5 21. Qxf5 Nb4 22. Nb2 d5 $1 23. a4 Qa6 24.
Be3 c4 (24... d4 25. Bd2 Rc8 26. Nc4) 25. bxc4 dxe4 (25... dxc4 26. Qb5 $1 (26.
Rxd8 Rxd8 27. Nxc4 Nd3+ 28. Kg3 Bc7+ $19) 26... c3 27. Nc4 $13) 26. Rxd8 Bxd8 (
26... Rxd8 27. Qxe4 $14) 27. Qb5 $1 (27. fxe4 Bf6) 27... Qxb5 28. axb5 Bf6 29.
Na4 Nd3+ 30. Ke2 (30. Kg3 exf3 31. Kxf3 Ne5+) 30... Ne5 31. Rc1 (31. c5 $2
exf3+ 32. gxf3 Nc4 $19) 31... exf3+ 32. gxf3 Nxf3 $1 33. Kxf3 Rxe3+ 34. Kxe3
Bg5+ 35. Ke4 Bxc1 36. c5 Kf8 37. b6 axb6 38. cxb6 g5 39. Nc5 Bf4 40. b7 Ke7 (
40... Bxh2 $2 41. Nd7+ Ke7 42. Ne5 $18) 41. h3 Kf6 42. Kd5 Ke7 (42... h5 43.
Na6 g4 44. hxg4 hxg4 45. Kc6 g3 46. Nc7 g2 $10) 43. Nd3 Bc7 44. Nb4 {Ftacnik,L}
1/2-1/2

[Event "Groningen op"]
[Site "Groningen"]
[Date "1990.??.??"]
[Round "6"]
[White "Romanishin, Oleg M"]
[Black "Gipslis, Aivars P"]
[Result "1-0"]
[WhiteElo "2535"]
[BlackElo "2465"]
[Annotator "Ftacnik,L"]
[PlyCount "49"]
[EventDate "1990.??.??"]
[EventType "swiss"]
[EventRounds "9"]
[EventCountry "NED"]
[SourceTitle "CBM 022"]
[Source "ChessBase"]
[SourceDate "1991.06.01"]
[SourceVersion "1"]
[SourceVersionDate "1991.06.01"]
[SourceQuality "1"]

1. d4 Nf6 2. c4 e6 3. Nf3 Bb4+ 4. Nc3 c5 5. g3 cxd4 6. Nxd4 O-O 7. Bg2 d5 8.
O-O dxc4 9. Qa4 Na6 10. Ndb5 Nd5 11. Rd1 Bd7 12. Nxd5 exd5 13. Rxd5 Qe8 14. Be3
Rc8 15. Rad1 Bc6 16. Rf5 $5 {N} (16. Rh5 Bxg2 17. Kxg2 f5 18. Rh4 Qc6+ 19. Kg1
Be7 20. Rhd4 Nc7 21. Rd7 Bf6 22. Nc3 Qxa4 23. Nxa4 b5 $17 {Basin,L-Ulibin,M/
Nab.Chelni/1988/}) 16... Bxg2 17. Kxg2 Bc5 (17... Qe4+ 18. Rf3 Bc5 19. Nd6 Bxd6
20. Rxd6 $14) 18. Bxc5 Qe4+ (18... Nxc5 19. Qxc4 $16) (18... Rxc5 $5 19. Rxc5
Qe4+ 20. Kg1 Nxc5 21. Qb4 Qxe2 22. Re1 Qh5 23. Qxc4 $10) 19. f3 Nxc5 (19...
Qxe2+ 20. Bf2 Nc5 21. Rxc5 Rxc5 22. Nc3 $18) 20. fxe4 Nxa4 21. Rd7 Nxb2 $2 22.
Nc3 $1 Na4 (22... b5 23. Rxb5 Rb8 24. Rdb7 Rxb7 25. Rxb7 $18) (22... a6 23.
Rxb7 (23. Rd2 Na4 24. Nxa4 c3 25. Rc2 b5 26. Nb6 $18) 23... Rb8 24. Rfxf7 $1
$18) 23. Nxa4 c3 24. Rc5 c2 $6 (24... Rxc5 25. Nxc5 c2 26. Nb3 Rc8 27. Rxb7 $18
) 25. Rdc7 {Ftacnik,L} 1-0

[Event "Chalkidiki"]
[Site "Chalkidiki"]
[Date "1992.??.??"]
[Round "3"]
[White "Khenkin, Igor"]
[Black "Kotronias, Vasilios"]
[Result "1-0"]
[WhiteElo "2570"]
[BlackElo "2550"]
[Annotator "Ftacnik,L"]
[PlyCount "51"]
[EventDate "1992.09.??"]
[EventType "tourn"]
[EventRounds "11"]
[EventCountry "GRE"]
[EventCategory "14"]
[SourceTitle "CBM 032"]
[Source "ChessBase"]
[SourceDate "1993.02.01"]
[SourceVersion "1"]
[SourceVersionDate "1993.02.01"]
[SourceQuality "1"]

1. d4 Nf6 2. c4 e6 3. Nc3 Bb4 4. f3 c5 5. d5 b5 6. e4 bxc4 7. Bxc4 Nxd5 8. Bxd5
exd5 9. Qxd5 Nc6 10. Nge2 Ba6 11. Kf2 O-O 12. Rd1 Bxc3 $6 (12... Ba5) 13. bxc3
$1 (13. Nxc3 Qb6 14. Kg1 Nd4 $13) 13... Bxe2 (13... Qb6 14. Ng3 $40) 14. Kxe2
Qb8 (14... Qh4 15. Qg5 $1 $16) (14... Qa5 15. Be3 Qxc3 16. Rac1 Qb2+ 17. Qd2
$16) 15. h3 (15. Qxd7 Qxh2 16. Qxc6 Qxg2+ 17. Ke3 Rad8 $1 $44) 15... Kh8 (15...
Qb6 16. Bf4 $1 $16) 16. Kf2 (16. Qxc5 f5 $1 17. exf5 Qg3 18. Kf1 Rae8 19. Qf2
Qh2 20. Ba3 Rxf5 21. Bd6 Qh1+ 22. Qg1 Rxf3+ $1 23. gxf3 Qxf3+ 24. Qf2 Qh1+ $10)
16... f5 17. exf5 Ne5 (17... Ne7 18. Qd6 $1 $16) 18. Bf4 Rxf5 (18... Nd3+ 19.
Rxd3 Qb2+ (19... Qxf4 20. Qxd7 $18) 20. Rd2 Qxa1 21. Bd6 Qxc3 22. Bxf8 Rxf8 23.
Qxd7 $16) 19. Rab1 Qe8 20. Qe4 (20. Re1 Ng4+ $1 21. hxg4 Qxe1+ 22. Rxe1 Rxd5
$17) 20... g6 (20... Nd3+ 21. Rxd3 Qxe4 22. fxe4 Rxf4+ 23. Ke3 Rf7 24. Rb7 Rd8
25. Rxa7 $18) (20... Ng4+ 21. Kg3 $1 Qxe4 22. fxe4 $18) 21. Kg3 $5 (21. Rd5
Ng4+ 22. Kg3 Nf6 23. Be5 d6 24. Bxf6+ Rxf6 25. Qxe8+ Rxe8 26. Rb7 Re2 27. Rxa7
Rc2 28. Rd1 Rxc3 29. Rb1 Kg8 30. Rb8+ Rf8 31. Rbb7 $16) 21... Rb8 $2 (21... Rd8
22. Rd6 $1 $16) 22. Rxb8 Qxb8 23. Rxd7 Rxf4 24. Rb7 $1 Rxf3+ (24... Qd6 25.
Qxf4 g5 26. Qf5 Nf7+ 27. f4 gxf4+ 28. Qxf4 $18) 25. gxf3 Qd6 26. f4 1-0

[Event "Moscow Alekhine op"]
[Site "Moscow"]
[Date "1992.??.??"]
[Round "?"]
[White "Sakaev, Konstantin"]
[Black "Savon, Vladimir A"]
[Result "1-0"]
[WhiteElo "2540"]
[BlackElo "2420"]
[Annotator "Ftacnik,L"]
[PlyCount "59"]
[EventDate "1992.10.??"]
[EventType "swiss"]
[EventRounds "9"]
[EventCountry "RUS"]
[SourceTitle "CBM 033"]
[Source "ChessBase"]
[SourceDate "1993.04.01"]
[SourceVersion "1"]
[SourceVersionDate "1993.04.01"]
[SourceQuality "1"]

1. d4 Nf6 2. c4 e6 3. Nc3 Bb4 4. f3 c5 5. d5 d6 6. e4 Bxc3+ 7. bxc3 e5 8. Bd3
Nh5 9. g3 (9. Ne2 Qf6 10. h4 h6 11. Be3 Nf4 12. Bxf4 exf4 13. Qd2 g5 14. g3
fxg3 15. hxg5 hxg5 16. Rxh8+ Qxh8 17. O-O-O Qf6 18. e5 Qxe5 19. Rg1 Nd7 20.
Rxg3 Kd8 21. Rxg5 Qh8 22. f4 Nf6 23. Qe3 Bd7 24. Kd2 $10 {Moskalenko,V-Savon,V/
Odessa Kotov-mem/1989/}) 9... Qf6 10. Bd2 (10. Be3 g5 11. Qd2 Rg8 12. O-O-O Nd7
13. Nh3 h6 14. Nf2 Nf8 15. Ng4 Qg7 16. Bf2 Bxg4 17. fxg4 Nf6 18. h3 N8d7 19.
Rdf1 O-O-O 20. Be3 Rdf8 21. Rf5 Nb6 22. Qc2 Nfd7 23. Qb3 Kc7 24. Qb5 $14 {
Vyzmanavin,A-Novikov,I/URS-FL Lvov/1987/}) 10... g6 11. Qe2 Kd8 12. O-O-O Re8
13. Rf1 $1 Qg7 (13... Nd7 14. f4 exf4 15. gxf4 $16) 14. f4 exf4 15. gxf4 f5 16.
e5 $1 Nd7 (16... dxe5 17. fxe5 Qxe5 18. Qf2 (18. Qxe5 Rxe5 19. Nf3 Re8 20. Ng5
Nf6 21. Re1 $44) 18... Nd7 19. Nf3 $40) 17. Nf3 b5 (17... dxe5 18. fxe5 Nxe5
19. Re1 Nxd3+ 20. Qxd3 $16) 18. cxb5 a6 19. bxa6 dxe5 20. fxe5 Nxe5 21. Re1 $1
Nxd3+ $8 22. Qxd3 Bxa6 23. Rxe8+ (23. Bg5+ Kc7 $13) 23... Kxe8 24. Re1+ Kf8 25.
Qe3 Kg8 (25... Qc7 26. Ng5 $18) 26. Qxc5 Bd3 27. Re7 Qf6 28. d6 Be4 (28... Rb8
29. Qd5+ Kh8 30. Qxd3 $18) 29. Ng5 Ng7 30. Nxe4 (30. Nxe4 fxe4 31. Qd5+ Kh8 32.
Qxa8+ $18) 1-0

[Event "URS-sf"]
[Site "Daugavpils"]
[Date "1989.??.??"]
[Round "?"]
[White "Shirov, Alexei"]
[Black "Dautov, Rustem"]
[Result "1-0"]
[WhiteElo "2495"]
[BlackElo "2535"]
[Annotator "Ftacnik,L"]
[PlyCount "45"]
[EventDate "1989.11.??"]
[EventType "tourn"]
[EventRounds "15"]
[EventCountry "URS"]
[EventCategory "9"]
[SourceTitle "CBM 016"]
[Source "ChessBase"]
[SourceDate "1990.06.01"]
[SourceVersion "1"]
[SourceVersionDate "1990.06.01"]
[SourceQuality "1"]

1. d4 Nf6 2. c4 e6 3. Nc3 Bb4 4. f3 d5 5. a3 Be7 6. e4 dxe4 7. fxe4 e5 8. d5
Bc5 9. Nf3 Ng4 10. Na4 Bf2+ (10... Nd7 $5 11. Nxc5 Nxc5 12. Qc2 f5 $132 {Dautov
}) 11. Ke2 Bd4 $6 {N} (11... b5 12. h3 bxa4 13. hxg4 Bg3 14. Rh3 Bf4 15. Bxf4
exf4 16. Qd4 O-O $13 {Raicevic,V-Ruban,V/Pula/1989/0-1/42/} 17. Rh4 g5) 12.
Nxd4 exd4 13. Qxd4 O-O 14. h3 $1 (14. Kd3 Nc6 15. dxc6 Nf2+ 16. Kc3 Nd1+ 17.
Kd3 Nf2+ {1/4-1/4/Malaniuk,V-Dautov,R/Sverdlovsk/1989/}) 14... Qh4 (14... Nf6
15. Bg5 Nc6 16. Qf2 $16) 15. g3 $1 Qh5 (15... Qxg3 16. hxg4 Bxg4+ 17. Kd2 Qf3
18. Rg1 Nc6 19. Qe3 Qd1+ 20. Kc3 $18) 16. Bg2 Ne5+ 17. g4 Bxg4+ 18. hxg4 Qxg4+
19. Kf2 Nbd7 20. Qd1 Qg6 21. Qh5 Ng4+ 22. Ke2 Nde5 23. Bf4 {Ftacnik} 1-0

[Event "Barcelona"]
[Site "Barcelona"]
[Date "1992.05.??"]
[Round "11"]
[White "Lautier, Joel"]
[Black "Gurevich, Mikhail"]
[Result "1/2-1/2"]
[WhiteElo "2580"]
[BlackElo "2635"]
[Annotator "Ftacnik,L"]
[PlyCount "115"]
[EventDate "1992.05.??"]
[EventType "tourn"]
[EventRounds "11"]
[EventCountry "ESP"]
[EventCategory "13"]
[SourceTitle "CBM 030"]
[Source "ChessBase"]
[SourceDate "1992.10.01"]
[SourceVersion "1"]
[SourceVersionDate "1992.10.01"]
[SourceQuality "1"]

1. d4 {Dautov} Nf6 2. c4 e6 3. Nc3 Bb4 4. Nf3 c5 5. g3 cxd4 6. Nxd4 O-O 7. Bg2
d5 8. cxd5 Nxd5 9. Bd2 Bxc3 10. bxc3 e5 11. Nc2 Nc6 12. c4 (12. Nb4 Nde7 13.
O-O Be6 14. Bg5 Qc7 15. Qa4 h6 16. Bxe7 Nxe7 17. Qb5 Rab8 18. Nd3 Rfc8 19. Qxe5
Qxe5 20. Nxe5 Rxc3 $15 {Van Wely,L-Dautov,R/Krumbach op/1991/}) 12... Nde7 {N}
(12... Nb6 13. Ne3 Be6 14. Rc1 (14. c5 {Dautov} Nc4 15. Nxc4 Bxc4 16. Qa4 Bd5
17. f3 Nd4 $15 {Osnos,V-Kochiyev,A SSSR 1980}) 14... Qd7 15. a4 $6 Bh3 16. a5
Bxg2 17. Nxg2 Nxc4 $1 18. Rxc4 Qd5 19. Qc2 Qxg2 20. Qe4 Qxe4 21. Rxe4 Rfd8 $17
{Alburt,L-Kochiev,A/URS-ch/1977/}) 13. Ne3 Be6 14. O-O Rc8 15. Bc3 f6 16. Nd5
$1 Nf5 (16... b6 17. Rc1) (16... Re8 $5 {Dautov /\Na5}) 17. Qd3 Qe8 18. Rfb1 (
18. e3 {Dautov} Qh5 19. Qd1 $1 $14) 18... b6 19. e3 (19. a4 Nfd4 20. e3 Bf5 21.
Be4 Nf3+ 22. Kg2 Bxe4 23. Qxe4 Ng5 $132) 19... Qh5 20. a4 (20. Qd1 $1 $14 {
Dautov}) 20... Nh6 21. a5 bxa5 22. Rb7 (22. Bxa5 Bf5 (22... Bh3 $132 {Dautov})
23. e4 (23. Be4 Ng4 24. h4 Bxe4 25. Qxe4 f5 $40) 23... Bh3 $40) 22... Rf7 (
22... Bf5 23. Qd1) (22... Ng4 {Dautov} 23. h3 Nh6 24. g4 Qh4 25. f4 $16 {/\Be1}
) 23. Rxf7 Nxf7 24. Bxa5 Bh3 (24... Ng5 25. Nc7 $1 (25. e4 {Dautov} Bg4 $36))
25. Qd1 $1 Qxd1+ (25... Qh6 26. Bc3 Bxg2 27. Kxg2 Ng5 28. Qg4 $36) 26. Rxd1
Bxg2 27. Kxg2 Kf8 (27... Nxa5 $2 28. Ne7+ $18) 28. Bc7 Ke8 29. c5 Ne7 (29... a5
30. Ra1 Ra8 31. Bxe5 $1) 30. Nxe7 Kxe7 (30... Rxc7 31. Nf5 g6 32. Nd6+ $10) 31.
Ba5 Ke6 (31... Ke8 $142 {Dautov} 32. Bb4 Nd8 33. Rd6 Nc6 34. Ba3 a5 35. f4 $10)
32. Bb4 Rb8 33. Be1 Ra8 34. Ba5 Rc8 35. Bb4 Rc6 (35... e4 $5 {Dautov}) (35...
Rb8 $10 {Dautov}) 36. e4 (36. Ra1 a6 37. e4) 36... Ke7 37. f4 Ke8 38. Kf3 Ra6
39. Rd3 Ra4 (39... Nd8 {Dautov} 40. fxe5 Nc6 41. Bc3 Ra3 $6 (41... fxe5 42. Rd6
$16) 42. exf6 Ne5+ 43. Bxe5 Rxd3+ 44. Ke2 Ra3 45. fxg7 Kf7 46. c6 Ra6 47. c7
Rc6 48. Kd3 a5 49. Kd4 a4 50. Kd5 Rc1 51. Kd6 a3 52. Kd7 Rd1+ 53. Bd6 $18) 40.
Bd2 Nd8 (40... exf4 {Dautov} 41. gxf4 Nd8 $14) 41. fxe5 fxe5 42. Ke3 Nc6 43.
Rd6 Ra3+ 44. Kf2 Ra2 45. Ke2 (45. Rxc6 Rxd2+ 46. Ke3 Rxh2 47. Re6+ Kd7 48. Ra6
$10) 45... Nd4+ 46. Kd3 Nb3 47. Bb4 (47. Be3 $1 $16 {Dautov /\c6,/\Re6}) 47...
a5 48. Kc4 Ra4 $1 (48... axb4 49. Kxb3 Rxh2 50. Kxb4 $16) (48... Nc1 {Dautov}
49. Bd2 Rc2+ 50. Kb5 Nb3 51. Be3 $16) 49. Kxb3 Rxb4+ 50. Kc3 Ke7 (50... Rxe4
51. c6 Re1 52. Kd2) 51. Rd1 Ke6 (51... Rxe4 52. c6 Re3+ 53. Kc4 Re4+ 54. Kc5
Re2 55. c7 Rc2+ 56. Kb6 $16) 52. Rd6+ Ke7 53. Rd5 Rxe4 54. c6 Re1 55. Kd2 Re4
56. Rd7+ Ke6 57. Rxg7 Rc4 58. Rxh7 {Ftacnik,L} (58. Rxh7 Rxc6 59. Ra7 $10 (59.
Rh6+ Kd5 60. Rxc6 $2 Kxc6 61. h4 Kd5 $19) (59. Ra7 {Dautov} Rc5 $10)) 1/2-1/2

[Event "URS-sf Ukraine-ch"]
[Site "Kherson"]
[Date "1989.??.??"]
[Round "?"]
[White "Malaniuk, Vladimir P"]
[Black "Gurevich, Vladimir"]
[Result "1-0"]
[WhiteElo "2560"]
[BlackElo "2395"]
[Annotator "Ftacnik,L"]
[PlyCount "76"]
[EventDate "1989.11.??"]
[EventType "tourn"]
[EventRounds "15"]
[EventCountry "URS"]
[EventCategory "7"]
[SourceTitle "CBM 016"]
[Source "ChessBase"]
[SourceDate "1990.06.01"]
[SourceVersion "1"]
[SourceVersionDate "1990.06.01"]
[SourceQuality "1"]

1. d4 Nf6 2. c4 e6 3. Nc3 Bb4 4. f3 d5 5. a3 Be7 6. e4 c5 7. dxc5 {N} Bxc5 (
7... d4 8. Nb5 e5 9. b4 O-O 10. Nd6 Bxd6 11. cxd6 b6 12. Bd3 Qxd6 13. Ne2 a5
14. Bd2 Na6 {Malaniuk,V-Oll,L/URS-ch/1989/0-1/37/}) 8. b4 Bd6 (8... Bxg1 $6 9.
Rxg1 d4 10. Nb5 e5 11. c5 $16) 9. Bb2 Be5 10. Qd2 O-O 11. Rd1 Nbd7 12. Nh3 dxe4
13. f4 $1 Bc7 14. Nf2 b6 15. Ncxe4 e5 16. Nd6 Qe7 17. Be2 exf4 18. O-O $1 Bxd6
19. Bf3 Rb8 20. Qxd6 Qxd6 21. Rxd6 Bb7 22. Bg4 $1 Nxg4 23. Nxg4 h5 24. Rxd7
hxg4 25. Rxf4 $16 f6 26. Rxg4 Rf7 27. Rd6 Kf8 28. Bd4 Rc8 29. c5 bxc5 30. Bxc5
Kg8 31. Rgd4 a6 32. h4 Bc6 33. a4 Bxa4 34. Rxa6 Bc6 35. Kf2 Rb7 36. g4 Bb5 37.
Re6 Bc6 38. h5 Rf7 $138 {Ftacnik} 1-0

[Event "URS-ch U26"]
[Site "Minsk"]
[Date "1990.??.??"]
[Round "?"]
[White "Orlov, Georgi"]
[Black "Karpman, Vadim"]
[Result "0-1"]
[WhiteElo "2505"]
[BlackElo "2500"]
[Annotator "Ftacnik,L"]
[PlyCount "110"]
[EventDate "1990.01.??"]
[EventType "tourn"]
[EventRounds "13"]
[EventCountry "URS"]
[EventCategory "10"]
[SourceTitle "CBM 017"]
[Source "ChessBase"]
[SourceDate "1990.08.01"]
[SourceVersion "1"]
[SourceVersionDate "1990.08.01"]
[SourceQuality "1"]

1. d4 Nf6 2. c4 e6 3. g3 Bb4+ 4. Nc3 c5 5. Nf3 cxd4 6. Nxd4 O-O 7. Bg2 d5 8.
Qb3 Bxc3+ 9. Qxc3 e5 10. Nb3 d4 11. Qa5 Qe8 $5 {N} 12. f4 (12. O-O Nc6 13. Qc5
$13) 12... Nc6 13. Qc5 exf4 14. Bxf4 Bg4 15. O-O Rd8 (15... Bxe2 16. Rae1 d3
17. Bd6 Ne4 $13) 16. Rae1 (16. Bd6 Qe3+ 17. Rf2 Rfe8) 16... Ne4 17. Qb5 Nd6 (
17... Qe7 $5) 18. Qg5 f5 19. Bxd6 Rxd6 20. h3 Rg6 (20... Bxe2 21. Bd5+ Kh8 22.
Nc1 d3 23. Nxe2 dxe2 24. Rf2 $22 Nd4 25. Qf4 $18) 21. Qf4 Bh5 22. g4 Bxg4 $8 (
22... fxg4 $2 23. Bd5+) 23. hxg4 Rxg4 24. Qd6 Qe3+ 25. Rf2 Rf6 26. Qd5+ Kh8 27.
Kf1 Ne7 28. Qd8+ Ng8 29. Rd1 $2 (29. Qd5 $5) 29... Rxg2 $1 30. Kxg2 (30. Rxg2
Rh6 31. Qg5 Rh1+ 32. Rg1 Qxg5 $19) 30... Rg6+ 31. Kf1 Qh3+ 32. Ke1 Rg1+ 33. Kd2
Qe3+ 34. Kc2 Rxd1 35. Kxd1 Qxf2 36. Nxd4 Qf1+ 37. Kc2 Qf4 38. Qd5 Qe4+ 39. Qxe4
fxe4 40. Nb5 Nf6 41. Nxa7 g5 42. Kd2 g4 43. Ke1 g3 44. Nb5 Ng4 45. Kf1 Ne3+ 46.
Kg1 h5 47. Nd6 h4 48. c5 Kg7 49. Nxb7 Kf6 50. Nd6 Ke5 51. b3 h3 52. Nc4+ Nxc4
53. bxc4 Kf4 54. c6 Ke3 55. c7 h2+ {Ftacnik,L} 0-1